Les Classiques Disney/Pixar Commençant par R - Statistiques

Statistiques générales
  • Ce quiz a été pris 23 fois
  • Le résultat moyen est 7 sur 14
Statistiques - réponses
Indice Réponse % Correct
2010 Raiponce
79%
2007 Ratatouille
74%
1994 Le Roi Lion
63%
1998 Le Roi Lion 2, L'Honneur de la Tribu
58%
2013 La Reine des Neiges
53%
2004 Le Roi lion 3, Hakuna Matata
53%
2012 Rebelle
53%
1981 Rox et Rouky
53%
2019 La Reine des Neiges 2
47%
2018 Ralph 2.0
42%
2006 Rox et Rouky 2
37%
2021 Raya et Le dernier Dragon
32%
1973 Robin des Bois
32%
1994 Le Retour de Jafar
32%
Aucun quiz correspondant
Distribution des résultats
% des personnes avec chaque résultat
Percentile par nombre de réponses
Votre historique - résultats
Vous n’avez pas pris ce quiz